[Event "Spanish Women's Championship"]
[Site "Linares"]
[Date "2017.08.24"]
[Round "5"]
[White "Rodriguez Redondo, Adhara"]
[Black "Pablos Tenrero, Raquel"]
[Result "1/2-1/2"]
[WhiteElo "1726"]
[BlackElo "2008"]
[Board "9"]
[WhiteCountry "ESP"]
[WhiteFideId "32065698"]
[WhiteEloChange "7"]
[BlackCountry "ESP"]
[BlackFideId "2216213"]
[BlackEloChange "-7"]

1. e4 c5 2. Nf3 Nc6 3. d4 cxd4 4. Nxd4 e5 5. Nb5 d6 6. c4 Be7 7. N1c3 a6 8.
Na3 f5 9. exf5 Bxf5 10. Bd3 Be6 11. O-O Nf6 12. h3 O-O 13. Nc2 Qe8 14. f4
exf4 15. Bxf4 Ne5 16. b3 Bd8 17. Qe2 Bb6+ 18. Kh1 Bf7 19. Rae1 Rd8 20. Ne3
Ba5 21. Qc2 Nxd3 22. Qxd3 Qc6 23. Nf5 Kh8 24. Ne7 Qd7 25. Bg5 Be6 26. Ned5
Bxd5 27. cxd5 Rc8 28. Rc1 Rc7 29. Bxf6 gxf6 30. Ne4 Rxc1 31. Rxc1 Qe7 32.
Rf1 Qe5 33. Ng3 Rf7 34. Nf5 Rc7 35. Qd4 Bc3 36. Qa7 Qe8 37. Nxd6 Qd8 38.
Nf5 Be5 39. Rd1 Qd7 40. d6 Rc6 41. Qf2 Rc8 42. Ne3 b5 43. Ng4 Kg7 44. Qe3
Qf5 45. d7 Rd8 46. Nxe5 fxe5 47. Qd2 Kf7 48. Qd6 Qf6 49. Qc7 Qe7 50. Rf1+
Kg7 51. Rd1 Kf7 52. Qc6 e4 53. Qd5+ Kg7 54. Qd4+ Kg8 55. Qd5+ Kg7 56. Qf5
e3 57. Qg4+ Kh8 58. Qd4+ Kg8 59. Qg4+ 1/2-1/2

[Event "Spanish Women's Championship"]
[Site "Linares"]
[Date "2017.08.24"]
[Round "5"]
[White "Redondo Arguelles, Graciela"]
[Black "Guillo Longares, Cecilia"]
[Result "1-0"]
[WhiteTitle "WFM"]
[WhiteElo "1997"]
[BlackElo "1899"]
[Board "10"]
[WhiteCountry "ESP"]
[WhiteFideId "2219824"]
[WhiteEloChange "7"]
[BlackCountry "ESP"]
[BlackFideId "32082681"]
[BlackEloChange "-7"]

1. e4 c5 2. b3 Nc6 3. Bb2 e5 4. Bc4 g6 5. f4 Bg7 6. Nf3 d6 7. O-O Nh6 8.
fxe5 Nxe5 9. Nxe5 Bxe5 10. Bxe5 dxe5 11. Bd5 O-O 12. Nc3 Qg5 13. Qe1 Rb8
14. Nb5 Bd7 15. a4 a6 16. Nd6 b6 17. Qf2 Qe7 18. Nc4 Be6 19. Bxe6 Qxe6 20.
Qf6 Rfe8 21. h3 b5 22. axb5 axb5 23. Ne3 Qxf6 24. Rxf6 Ra8 25. Rxa8 Rxa8
26. Rc6 Rb8 27. Rxc5 f6 28. Nd5 Kg7 29. Nc7 b4 30. Nd5 Nf7 31. Rc7 Rb5 32.
d3 f5 33. Kf2 f4 34. Rc4 Nd6 35. Rxb4 Rc5 36. c4 Kf7 37. Ra4 g5 38. Ra7+
Kg6 39. b4 Rc6 40. Ne7+ 1-0

[Event "Spanish Women's Championship"]
[Site "Linares"]
[Date "2017.08.24"]
[Round "5"]
[White "Perdigones Gomez, Mercedes"]
[Black "De la Fuente de la Fuente, Alba"]
[Result "0-1"]
[WhiteElo "1302"]
[BlackElo "1322"]
[Board "11"]
[WhiteCountry "ESP"]
[WhiteFideId "54538882"]
[WhiteEloChange "-9"]
[BlackCountry "ESP"]
[BlackFideId "54512620"]
[BlackEloChange "9"]

1. e4 e6 2. d4 d5 3. exd5 exd5 4. Bf4 Nf6 5. Qd2 Bd6 6. Nc3 O-O 7. O-O-O
Be6 8. f3 c5 9. Nb5 Bxf4 10. Qxf4 Ne8 11. dxc5 Nd7 12. Nd6 Nxc5 13. Nxe8
Rxe8 14. Ne2 Rc8 15. Nc3 a6 16. Bc4 Qa5 17. Bxd5 Bxd5 18. Rxd5 b5 19. Rd4
Ne6 20. Qd2 Nxd4 21. Qxd4 b4 22. Nb1 Rcd8 23. Qc4 b3 24. Qxb3 Re1+ 0-1

[Event "Spanish Women's Championship"]
[Site "Linares"]
[Date "2017.08.24"]
[Round "5"]
[White "Garreta Nieto, Maria"]
[Black "Acebal Muniz, Maria Concepcion"]
[Result "1-0"]
[WhiteElo "1771"]
[BlackElo "1220"]
[Board "12"]
[WhiteCountry "ESP"]
[WhiteFideId "32024819"]
[WhiteEloChange "2"]
[BlackCountry "ESP"]
[BlackFideId "2240491"]
[BlackEloChange "-2"]

1. d4 d5 2. Nf3 e6 3. c4 Nf6 4. Bg5 Be7 5. e3 c5 6. cxd5 Nxd5 7. Bxe7 Qxe7
8. Nc3 Nc6 9. Bb5 Bd7 10. O-O O-O 11. Bxc6 Bxc6 12. Ne5 cxd4 13. Nxc6 bxc6
14. Qxd4 Rfd8 15. Qc4 Rac8 16. Rfd1 Qf6 17. Na4 Rc7 18. Rac1 e5 19. Rd3 Rd6
20. Rcd1 Rcd7 21. Nc5 Qf5 22. Nxd7 Qxd7 23. e4 Nb6 24. Rxd6 Nxc4 25. Rxd7
g6 26. b3 Nb6 27. Rxa7 c5 28. Rb7 Na4 29. bxa4 Kg7 30. Rdd7 c4 31. Rxf7+
Kh6 32. h4 Kh5 33. Rxh7+ Kg4 34. f3+ Kf4 35. Kf2 c3 36. Rbf7# 1-0

[Event "Spanish Women's Championship"]
[Site "Linares"]
[Date "2017.08.24"]
[Round "5"]
[White "Roces Heres, Sara"]
[Black "Ruiz de Leon Merlo, Esther"]
[Result "0-1"]
[WhiteElo "1567"]
[BlackElo "1696"]
[Board "13"]
[WhiteCountry "ESP"]
[WhiteFideId "24526282"]
[WhiteEloChange "-6"]
[BlackCountry "ESP"]
[BlackFideId "22274553"]
[BlackEloChange "6"]

1. d4 d5 2. c4 c6 3. Nf3 e6 4. e3 f5 5. Nc3 Nf6 6. cxd5 exd5 7. Bd3 Bd6 8.
O-O O-O 9. a3 Ne4 10. Ne5 Nd7 11. f4 Rf6 12. Rf3 Rh6 13. Be2 Qh4 14. h3
Ndf6 15. Bd2 Nxd2 16. Qxd2 Ne4 17. Qd1 Be6 18. a4 g5 19. Qe1 Qxe1+ 20. Rxe1
g4 21. hxg4 fxg4 22. Nxe4 gxf3 23. Nxd6 fxe2 24. Rxe2 Bg4 25. Nxg4 Rxd6 26.
Ne5 h5 27. g4 hxg4 28. Nxg4 Rg6 29. Rg2 Rf8 30. Ne5 Rxg2+ 31. Kxg2 Kg7 32.
Nd7 Rg8 33. Nc5 Kf6+ 34. Kf2 Rg7 35. Nd3 Kf5 36. Ne1 Rh7 37. Ke2 Rh2+ 38.
Kd3 Rxb2 39. Nf3 Ra2 40. Nh4+ Kg4 41. Ng6 Rxa4 42. Ne5+ Kf5 43. Nf7 b6 44.
Nd6+ Ke6 45. Ne8 a5 46. Ng7+ Kf7 47. Nf5 Ra3+ 48. Kc2 b5 49. Kb2 b4 50.
Nd6+ Ke6 51. Nb7 Rxe3 52. Nxa5 Kd6 53. f5 Rf3 54. f6 Kc7 55. Nb3 Rxf6 56.
Nc5 Rf2+ 57. Kb3 Rd2 58. Ka4 Rc2 59. Kxb4 Rc4+ 60. Kb3 Kd6 61. Nb7+ Kd7 62.
Nc5+ Ke7 63. Nd3 Rxd4 64. Kc3 c5 65. Ne5 Kd6 66. Nf7+ Ke7 67. Ne5 Re4 68.
Nc6+ Kd6 69. Na5 Rb4 70. Nb3 d4+ 71. Kc2 Rxb3 0-1

[Event "Spanish Women's Championship"]
[Site "Linares"]
[Date "2017.08.24"]
[Round "6"]
[White "Vega Gutierrez, Sabrina"]
[Black "Perera Borrego, Maria Adela"]
[Result "1/2-1/2"]
[WhiteTitle "IM"]
[BlackTitle "WFM"]
[WhiteElo "2369"]
[BlackElo "2116"]
[Board "1"]
[WhiteCountry "ESP"]
[WhiteFideId "2219026"]
[WhiteEloChange "-6"]
[BlackCountry "ESP"]
[BlackFideId "22238255"]
[BlackEloChange "6"]

1. e4 e6 2. d3 d5 3. Nd2 Nc6 4. Ngf3 Nf6 5. c3 Bd6 6. Be2 O-O 7. O-O e5 8.
Re1 a5 9. exd5 Nxd5 10. Nc4 a4 11. Bf1 Re8 12. Nxd6 Qxd6 13. Ng5 Nf6 14.
Ne4 Nxe4 15. dxe4 Qxd1 16. Rxd1 Be6 17. Bb5 Red8 18. Rxd8+ Nxd8 19. Be3 c6
20. Bxa4 Rxa4 21. Rd1 Ra8 22. Bb6 Bxa2 23. Rxd8+ Rxd8 24. Bxd8 f6 25. Bb6
Kf7 26. f3 Ke6 27. Kf2 Bc4 28. b4 Bb5 29. Ke3 Bc4 30. h4 h5 1/2-1/2

[Event "Spanish Women's Championship"]
[Site "Linares"]
[Date "2017.08.24"]
[Round "6"]
[White "Vega Gutierrez, Belinda"]
[Black "Calzetta Ruiz, Monica"]
[Result "1/2-1/2"]
[WhiteTitle "WIM"]
[BlackTitle "WGM"]
[WhiteElo "2178"]
[BlackElo "2288"]
[Board "2"]
[WhiteCountry "ESP"]
[WhiteFideId "2229994"]
[WhiteEloChange "3"]
[BlackCountry "ESP"]
[BlackFideId "2204185"]
[BlackEloChange "-3"]

1. e4 c5 2. Nf3 Nc6 3. d4 cxd4 4. Nxd4 g6 5. c4 Nf6 6. Nc3 d6 7. Be2 Nxd4
8. Qxd4 Bg7 9. Be3 O-O 10. Qd2 a5 11. Rb1 a4 12. f3 Nd7 13. O-O Nc5 14.
Rfd1 Be6 15. b4 axb3 16. axb3 Qb8 17. b4 Na4 18. Nxa4 Rxa4 19. Bd4 Rc8 20.
Rdc1 Bxd4+ 21. Qxd4 Ra2 22. Bf1 Qa8 23. Kh1 Qa3 24. Rc3 Qa4 25. Rcc1 Rc2
26. Qd1 Rxc1 27. Qxc1 b5 28. c5 dxc5 29. bxc5 b4 30. h3 b3 31. Qc3 Qa2 32.
Bd3 Qf2 33. c6 Qb6 34. Rc1 h5 35. c7 h4 36. Qe5 Qe3 37. Qc3 Rxc7 38. Qxc7
Qxd3 39. Qb8+ Kh7 40. Qe5 Bxh3 41. gxh3 Qxf3+ 42. Kh2 Qe2+ 43. Kh1 Qf3+ 44.
Kh2 Qe2+ 45. Kh1 Qf3+ 46. Kh2 Qf2+ 47. Kh1 Qf3+ 48. Kh2 Qe2+ 1/2-1/2

[Event "Spanish Women's Championship"]
[Site "Linares"]
[Date "2017.08.24"]
[Round "6"]
[White "Ortin Blanco, Ainhoa"]
[Black "Hernandez Estevez, Yudania"]
[Result "1/2-1/2"]
[BlackTitle "WIM"]
[WhiteElo "1961"]
[BlackElo "2211"]
[Board "3"]
[WhiteCountry "ESP"]
[WhiteFideId "32010117"]
[WhiteEloChange "6"]
[BlackCountry "ESP"]
[BlackFideId "2219344"]
[BlackEloChange "-6"]

1. d4 d5 2. c4 e6 3. Nc3 Nf6 4. cxd5 exd5 5. Bg5 c6 6. e3 Bf5 7. Bd3 Bxd3
8. Qxd3 Be7 9. Nf3 Nbd7 10. h3 O-O 11. Bf4 Re8 12. O-O Bf8 13. Nd2 Nb6 14.
b3 Bd6 15. Bxd6 Qxd6 16. a3 Nbd7 17. Rfe1 Re6 18. b4 a6 19. Reb1 Rae8 20.
a4 Ne4 21. Ncxe4 dxe4 22. Qc2 Qd5 23. Qc4 Qf5 24. Qf1 Rg6 25. Kh2 Nf6 26.
Nc4 Rh6 27. Kg1 Qg5 28. Kh1 Ng4 29. Qe2 f5 30. Ne5 Nxe5 31. dxe5 Qe7 32. b5
axb5 33. axb5 Qxe5 34. b6 Rd6 35. Ra7 Rd7 36. Rd1 Red8 37. Rxd7 Rxd7 38. g3
h6 39. Ra8+ Kh7 40. Qa2 Rd5 41. Kg2 Qd6 42. Qa7 Qe7 43. Qb8 Kg6 44. Ra7 Rd7
45. Qf4 Qg5 46. Qb8 Qe7 47. h4 Kf7 48. Ra5 Rd5 49. Ra7 Rd7 50. Ra5 Rd5
1/2-1/2

[Event "Spanish Women's Championship"]
[Site "Linares"]
[Date "2017.08.24"]
[Round "6"]
[White "Prado Acebo, Ines"]
[Black "Matnadze, Ana"]
[Result "1-0"]
[WhiteTitle "WFM"]
[BlackTitle "IM"]
[WhiteElo "2107"]
[BlackElo "2389"]
[Board "4"]
[WhiteCountry "ESP"]
[WhiteFideId "22251235"]
[WhiteEloChange "17"]
[BlackCountry "ESP"]
[BlackFideId "13601377"]
[BlackEloChange "-17"]

1. d4 Nf6 2. c4 e6 3. Nc3 d5 4. cxd5 exd5 5. Bg5 c6 6. Qc2 Nbd7 7. e3 Be7
8. Bd3 Nf8 9. Nge2 Ne6 10. Bh4 g6 11. f3 Ng7 12. O-O O-O 13. a3 b6 14. Rad1
Re8 15. h3 Nfh5 16. Bf2 f5 17. e4 Kh8 18. exd5 cxd5 19. Bb5 Bd7 20. Qa4
Bxb5 21. Qxb5 Bd6 22. Nxd5 a6 23. Qd3 Bb8 24. Ndc3 Qd6 25. g3 Ra7 26. d5
Rae7 27. Rd2 b5 28. Qd4 Qd7 29. Rfd1 f4 30. g4 Re3 31. Kg2 Ba7 32. Qb4 Bb8
33. d6 g5 34. Bxe3 fxe3 35. Rd5 Nf6 36. Rxg5 Ba7 37. Nd5 Ng8 38. Qc3 Rc8
39. Rxg7 Qxg7 40. Qxc8 Qxb2 41. Qc3+ 1-0

[Event "Spanish Women's Championship"]
[Site "Linares"]
[Date "2017.08.24"]
[Round "6"]
[White "Garcia Vicente, Nieves"]
[Black "Beltran Ortiz, Edda Georgina"]
[Result "1-0"]
[WhiteTitle "WIM"]
[WhiteElo "2137"]
[BlackElo "1906"]
[Board "5"]
[WhiteCountry "ESP"]
[WhiteFideId "2201542"]
[WhiteEloChange "4"]
[BlackCountry "ESP"]
[BlackFideId "2257807"]
[BlackEloChange "-4"]

1. d4 c5 2. e3 cxd4 3. exd4 d5 4. Nf3 Nf6 5. Bd3 e6 6. O-O Be7 7. Re1 O-O
8. Nbd2 a6 9. Nf1 b5 10. Ne5 Bb7 11. Ng3 Nbd7 12. Bd2 Rc8 13. Qe2 Nb6 14.
Ba5 Qd6 15. c3 Nc4 16. Bb4 Qc7 17. Bxe7 Qxe7 18. a4 Rc7 19. axb5 axb5 20.
b3 Nd6 21. Rec1 Rfc8 22. Qb2 Nfe4 23. Ne2 f6 24. Ng4 h5 25. Ne3 f5 26. f3
Qg5 27. Nf1 Nf6 28. Qd2 Qxd2 29. Nxd2 g5 30. Re1 Kf7 31. Ra5 Ra8 32. Rea1
Rxa5 33. Rxa5 Bc6 34. Kf2 Ke7 35. Nb1 Kd7 36. Na3 Rb7 37. Nc2 Rb8 38. Nb4
Ra8 39. Nxc6 1-0

[Event "Spanish Women's Championship"]
[Site "Linares"]
[Date "2017.08.24"]
[Round "6"]
[White "Sosa Suarez, Carla Cristina"]
[Black "Gil Quilez, Sonia"]
[Result "1-0"]
[BlackTitle "WFM"]
[WhiteElo "1911"]
[BlackElo "2057"]
[Board "6"]
[WhiteCountry "ESP"]
[WhiteFideId "24536350"]
[WhiteEloChange "14"]
[BlackCountry "ESP"]
[BlackFideId "2263980"]
[BlackEloChange "-14"]

1. e4 e5 2. Nf3 Nc6 3. Bc4 Bc5 4. c3 Nf6 5. d3 O-O 6. O-O d5 7. exd5 Nxd5
8. b4 Be7 9. Re1 Nb6 10. Bb3 Bg4 11. Qe2 Bxf3 12. Qxf3 Nxb4 13. cxb4 Qd4
14. Qe2 Bxb4 15. Bb2 Qh4 16. Nd2 Qh6 17. Red1 Kh8 18. Nf3 Bd6 19. Qd2 Qg6
20. Bxe5 Rad8 21. d4 f6 22. Bxd6 Rxd6 23. Re1 Rd7 24. Qf4 c6 25. Re2 Qh5
26. Rae1 Nd5 27. Qh4 Qxh4 28. Nxh4 g6 29. Nf3 a5 30. Bxd5 Rxd5 31. Re7 Kg8
32. Rxb7 Rf7 33. Reb1 h5 34. R7b6 Rc7 35. Rc1 g5 36. Rc4 Kf7 37. Nd2 c5 38.
Nb3 Rcd7 39. Nxc5 Rxd4 40. Rxd4 Rxd4 41. g3 Rd2 42. a4 h4 43. gxh4 gxh4 44.
h3 f5 45. Ra6 f4 46. Rxa5 f3 47. Ne4 Rd1+ 48. Kh2 Kg6 49. Rg5+ Kh6 50. Rf5
Rd4 51. Nc5 Rc4 52. a5 Kg6 53. Rd5 Rc3 54. a6 Ra3 55. Rd7 Ra2 56. Rd6+ Kf5
57. Nd3 Ke4 58. Rd7 Kf5 59. a7 Ke4 60. Nb4 Rxf2+ 61. Kg1 Rg2+ 62. Kf1 Rg8
63. Nc6 Rc8 64. Rc7 Ra8 65. Nb8 Kf4 66. Kf2 Ke4 67. Nd7 Rd8 68. Rc2 Kf4 69.
Nb6 Rg8 70. Rc4+ 1-0

[Event "Spanish Women's Championship"]
[Site "Linares"]
[Date "2017.08.24"]
[Round "6"]
[White "Pablos Tenrero, Raquel"]
[Black "Redondo Benavente, Ana"]
[Result "1/2-1/2"]
[BlackTitle "WFM"]
[WhiteElo "2008"]
[BlackElo "2022"]
[Board "7"]
[WhiteCountry "ESP"]
[WhiteFideId "2216213"]
[BlackCountry "ESP"]
[BlackFideId "32021674"]

1. d4 d5 2. Nc3 Nf6 3. Bf4 a6 4. e3 Bf5 5. f3 h5 6. Bd3 Bxd3 7. Qxd3 e6 8.
e4 b5 9. Nge2 c6 10. a4 Nbd7 11. O-O Be7 12. axb5 axb5 13. Rxa8 Qxa8 14.
exd5 exd5 15. Ng3 O-O 16. Nf5 Re8 17. Ne2 g6 18. Nxe7+ Rxe7 19. Bg5 Qe8 20.
Rf2 Re6 21. g3 Nh7 22. Bd2 Qa8 23. Kg2 Kg7 24. Nf4 Re8 25. b3 Nhf6 26. Qc3
Nf8 27. Nd3 N6d7 28. Nb4 Rc8 29. Qe3 Re8 30. Qc3 Rc8 31. Qe3 Ne6 32. Qh6+
Kg8 33. f4 1/2-1/2

[Event "Spanish Women's Championship"]
[Site "Linares"]
[Date "2017.08.24"]
[Round "6"]
[White "Redondo Arguelles, Graciela"]
[Black "Rodriguez Redondo, Adhara"]
[Result "1-0"]
[WhiteTitle "WFM"]
[WhiteElo "1997"]
[BlackElo "1726"]
[Board "8"]
[WhiteCountry "ESP"]
[WhiteFideId "2219824"]
[WhiteEloChange "3"]
[BlackCountry "ESP"]
[BlackFideId "32065698"]
[BlackEloChange "-3"]

1. e4 e5 2. Nf3 Nc6 3. d4 exd4 4. Bc4 Nf6 5. e5 d5 6. Bb5 Ne4 7. Nxd4 Bc5
8. Bxc6+ bxc6 9. Be3 Bd7 10. O-O O-O 11. Qd3 f6 12. Nb3 Bxe3 13. Qxe3 fxe5
14. f3 Qf6 15. Re1 Nd6 16. Qxe5 Rae8 17. Qxf6 Rxe1+ 18. Kf2 Rxf6 19. Kxe1
Nc4 20. Na3 Nxb2 21. Nc5 Bf5 22. Rb1 Nc4 23. Nxc4 dxc4 24. Kd2 Rd6+ 25. Kc3
Rd5 26. Ne4 Ra5 27. Rb8+ Kf7 28. Rb7 Bxe4 29. fxe4 c5 30. Rxc7+ Kf6 31. e5+
Kg6 32. e6 h6 33. e7 Kf7 34. e8=Q+ Kxe8 35. Rxg7 Ra6 36. Rc7 Kf8 37. Rxc5
Rxa2 38. Rxc4 Kg7 39. Kb3 Ra5 40. Ra4 Rb5+ 41. Kc4 Rb7 42. Kd5 Kf6 43. Ra6+
Kg5 44. c4 Rd7+ 45. Kc6 Rg7 46. c5 Kf5 47. Ra2 Ke5 48. Rd2 Rg6+ 49. Rd6
Rxg2 50. Rxh6 Rc2 51. Rh5+ Kd4 52. Kd6 Rg2 53. Rh4+ Kc3 54. c6 Rg6+ 55. Kc7
Rg7+ 56. Kb8 Rg1 57. c7 1-0

[Event "Spanish Women's Championship"]
[Site "Linares"]
[Date "2017.08.24"]
[Round "6"]
[White "Ruiz de Leon Merlo, Esther"]
[Black "Vicens Company, Maria Antonia"]
[Result "1/2-1/2"]
[WhiteElo "1696"]
[BlackElo "1838"]
[Board "9"]
[WhiteCountry "ESP"]
[WhiteFideId "22274553"]
[WhiteEloChange "4"]
[BlackCountry "ESP"]
[BlackFideId "2280680"]
[BlackEloChange "-4"]

1. e4 d5 2. exd5 Nf6 3. Nc3 Nxd5 4. Nxd5 Qxd5 5. Nf3 Bg4 6. Be2 e6 7. O-O
Bd6 8. d4 Nc6 9. Be3 Qh5 10. h3 Bxh3 11. Ne5 Qh4 12. Nf3 Qg4 13. Ne1 Qg6
14. Bh5 Qf5 15. c4 O-O-O 16. Qe2 g6 17. Bf3 h5 18. Bxc6 bxc6 19. c5 Be7 20.
gxh3 Qxh3 21. Qf3 Qxf3 22. Nxf3 f6 23. Rac1 g5 24. Rc3 h4 25. Nh2 g4 26.
Ra3 Rdg8 27. Bf4 e5 28. dxe5 Bxc5 29. Rc3 Bd4 30. Rc4 fxe5 31. Be3 c5 32.
Re1 Rh5 33. Bxd4 exd4 34. Rec1 g3 35. Nf1 gxf2+ 36. Kxf2 Rf5+ 37. Ke2 Rg2+
38. Kd3 Rxb2 39. Rxc5 Rf7 40. Rh5 Rxa2 41. Rxh4 Ra3+ 42. Kd2 Raf3 43. Rh1
Kb7 44. Rb1+ Kc6 45. Rc1+ Kb5 46. Rh5+ Kb6 47. Rb1+ Kc6 48. Rc1+ Kd6 49.
Nh2 Ra3 50. Rh6+ Kd7 51. Ng4 Rg7 52. Ne5+ Ke8 53. Rh8+ Ke7 54. Rxc7+ Kf6
55. Rf8+ Kxe5 56. Rxg7 Ra2+ 57. Kc1 a5 58. Rg5+ Ke4 59. Ra8 d3 60. Raxa5
Rh2 61. Rae5+ Kd4 62. Re1 d2+ 63. Kd1 dxe1=Q+ 64. Kxe1 1/2-1/2

[Event "Spanish Women's Championship"]
[Site "Linares"]
[Date "2017.08.24"]
[Round "6"]
[White "De la Fuente de la Fuente, Alba"]
[Black "Garreta Nieto, Maria"]
[Result "1/2-1/2"]
[WhiteElo "1322"]
[BlackElo "1771"]
[Board "10"]
[WhiteCountry "ESP"]
[WhiteFideId "54512620"]
[WhiteEloChange "8"]
[BlackCountry "ESP"]
[BlackFideId "32024819"]
[BlackEloChange "-8"]

1. e4 c6 2. Nc3 d5 3. Nf3 dxe4 4. Nxe4 Bg4 5. h3 Bxf3 6. Qxf3 Nd7 7. d4
Ngf6 8. Bc4 e6 9. Bg5 Be7 10. Bxf6 Nxf6 11. O-O-O Nd5 12. g4 b5 13. Bd3 Qa5
14. Kb1 Qc7 15. g5 Qf4 16. Qg2 a5 17. h4 a4 18. h5 b4 19. g6 f5 20. Nc5
Bxc5 21. dxc5 a3 22. gxh7 axb2 23. Qxg7 Nc3+ 24. Kxb2 Rxa2+ 25. Kb3 Ra3+
26. Kb2 1/2-1/2

[Event "Spanish Women's Championship"]
[Site "Linares"]
[Date "2017.08.24"]
[Round "6"]
[White "Gallego Sosa, Clara"]
[Black "Rodriguez Perez, Marta"]
[Result "1-0"]
[WhiteElo "1729"]
[BlackElo "1277"]
[Board "11"]
[WhiteCountry "ESP"]
[WhiteFideId "22259252"]
[WhiteEloChange "2"]
[BlackCountry "ESP"]
[BlackFideId "24541656"]
[BlackEloChange "-2"]

1. e4 e6 2. d3 d5 3. Nd2 Nf6 4. g3 Be7 5. Bg2 O-O 6. Ngf3 Nbd7 7. O-O c6 8.
e5 Ne8 9. h4 f5 10. Re1 Kh8 11. Nf1 h6 12. Bh3 Rg8 13. Nd4 Nf8 14. Qh5 c5
15. Nf3 Bd7 16. Ng5 Bxg5 17. hxg5 Nh7 18. g6 Nhf6 19. exf6 Nxf6 20. Qh4 Qe8
21. Bxh6 Qxg6 22. Be3+ Nh7 23. Bxc5 Rgc8 24. Bd4 Rxc2 25. Bc3 1-0

[Event "Spanish Women's Championship"]
[Site "Linares"]
[Date "2017.08.24"]
[Round "6"]
[White "Gavira Valencia, Gizela"]
[Black "Perdigones Gomez, Mercedes"]
[Result "1-0"]
[WhiteElo "1476"]
[BlackElo "1302"]
[Board "12"]
[WhiteCountry "ESP"]
[WhiteFideId "24519600"]
[WhiteEloChange "5"]
[BlackCountry "ESP"]
[BlackFideId "54538882"]
[BlackEloChange "-5"]

1. d4 g6 2. e3 Bg7 3. Bd3 d6 4. f4 c5 5. c3 Nf6 6. Nf3 Nc6 7. O-O h5 8. Nh4
Ng4 9. f5 Bh6 10. fxg6 f6 11. Nf5 Bxf5 12. Bxf5 Bxe3+ 13. Bxe3 Nxe3 14. Qb3
c4 15. g7 Rg8 16. Bg6+ Kd7 17. Qxb7+ Qc7 18. Bf5+ Nxf5 19. Qxc7+ Kxc7 20.
Rxf5 h4 21. Na3 Rxg7 22. Nxc4 Rag8 23. Ne3 Nd8 24. Rh5 h3 25. Rxh3 e5 26.
dxe5 fxe5 27. Rf1 Ne6 28. Nd5+ Kb7 29. g3 Rg4 30. Nf6 1-0

[Event "Spanish Women's Championship"]
[Site "Linares"]
[Date "2017.08.24"]
[Round "6"]
[White "Guillo Longares, Cecilia"]
[Black "Acebal Muniz, Maria Concepcion"]
[Result "1-0"]
[WhiteElo "1899"]
[BlackElo "1220"]
[Board "13"]
[WhiteCountry "ESP"]
[WhiteFideId "32082681"]
[WhiteEloChange "2"]
[BlackCountry "ESP"]
[BlackFideId "2240491"]
[BlackEloChange "-2"]

1. d4 Nf6 2. c4 c5 3. d5 b5 4. Qc2 bxc4 5. e4 e6 6. Bxc4 exd5 7. exd5 d6 8.
Ne2 Be7 9. O-O O-O 10. Ng3 Nbd7 11. Nc3 Ne5 12. Be2 Re8 13. Nf5 Bf8 14. Bf4
g6 15. Ne3 Bg7 16. Bb5 Bd7 17. Bxd7 Qxd7 18. h3 Nh5 19. Bh2 Qc7 20. Rfe1 a6
21. Rad1 Nf6 22. Na4 Ned7 23. b4 Rec8 24. bxc5 Nxc5 25. Rc1 Qd8 26. Nxc5
Rxc5 27. Qd3 Rxc1 28. Rxc1 Ne8 29. Rc6 a5 30. Nc4 Bf8 31. Qa3 a4 32. Bf4
Qf6 33. Bg3 Qa1+ 34. Kh2 Qd1 35. Nb6 Ra5 36. Rc8 Qe1 37. Qe3 Qxe3 38. fxe3
Ra6 39. Nd7 Bh6 40. Nf6+ Kg7 41. Nxe8+ Kf8 42. Nc7+ Kg7 43. Nxa6 Bxe3 44.
Bxd6 Bd4 45. Nc7 Bb2 46. Bf4 g5 47. Bxg5 h6 48. Ne8+ Kg6 49. Be7 a3 50. g3
f5 51. d6 Bd4 52. d7 Bb6 53. Nc7 Bd4 54. d8=Q Bg7 55. Qe8+ Kh7 56. Qg8+ Kg6
57. Qe6+ Kh7 58. Qxf5# 1-0

[Event "Spanish Women's Championship"]
[Site "Linares"]
[Date "2017.08.25"]
[Round "7"]
[White "Garcia Vicente, Nieves"]
[Black "Vega Gutierrez, Sabrina"]
[Result "0-1"]
[WhiteTitle "WIM"]
[BlackTitle "IM"]
[WhiteElo "2137"]
[BlackElo "2369"]
[Board "1"]
[WhiteCountry "ESP"]
[WhiteFideId "2201542"]
[WhiteEloChange "-4"]
[BlackCountry "ESP"]
[BlackFideId "2219026"]
[BlackEloChange "4"]

1. d4 d5 2. c4 e6 3. Nf3 c6 4. Qc2 Nf6 5. e3 Nbd7 6. Nc3 Bd6 7. Be2 dxc4 8.
Bxc4 b5 9. Be2 Bb7 10. O-O O-O 11. a3 a6 12. e4 e5 13. h3 Re8 14. dxe5 Nxe5
15. Be3 Nxf3+ 16. Bxf3 c5 17. Rfd1 b4 18. Nd5 Nxd5 19. exd5 Qe7 20. Re1 Qe5
21. g3 Bxd5 22. Bd2 Qd4 23. Be3 Qe5 24. Bd2 Qd4 25. Be3 b3 26. Bxd4 bxc2
27. Bxd5 cxd4 28. Bxa8 Rxe1+ 0-1

[Event "Spanish Women's Championship"]
[Site "Linares"]
[Date "2017.08.25"]
[Round "7"]
[White "Perera Borrego, Maria Adela"]
[Black "Calzetta Ruiz, Monica"]
[Result "1/2-1/2"]
[WhiteTitle "WFM"]
[BlackTitle "WGM"]
[WhiteElo "2116"]
[BlackElo "2288"]
[Board "2"]
[WhiteCountry "ESP"]
[WhiteFideId "22238255"]
[WhiteEloChange "5"]
[BlackCountry "ESP"]
[BlackFideId "2204185"]
[BlackEloChange "-5"]

1. d4 Nf6 2. Nf3 c5 3. e3 g6 4. dxc5 Qa5+ 5. Nbd2 Bg7 6. a3 Nc6 7. Be2 Qxc5
8. b4 Qb6 9. Bb2 O-O 10. O-O d6 11. c4 Be6 12. Nd4 Nxd4 13. Bxd4 Qc7 14.
Qb1 Bf5 15. Qb2 e5 16. Bc3 Rac8 17. Rfc1 Rfe8 18. h3 h5 19. a4 d5 20. Bf1
Qe7 21. b5 Ne4 22. Nxe4 Bxe4 23. f3 Bf5 24. cxd5 Rxc3 25. Qxc3 e4 26. Qa3
Bxa1 27. Qxe7 Rxe7 28. Rxa1 exf3 29. Kf2 fxg2 30. Bxg2 Kg7 31. Rd1 Kf6 32.
e4 Bd7 33. Rc1 a6 34. Rc7 Be8 35. d6 Rd7 36. Rc8 Rxd6 37. e5+ Kxe5 38.
Rxe8+ Kd4 39. Bxb7 axb5 40. axb5 Kc5 41. Bc6 f5 42. h4 Rd4 43. Kg3 Rg4+ 44.
Kh3 Rb4 45. Re3 f4 46. Rc3+ Kb6 47. Be8 Rb1 48. Rc6+ Kb7 49. Rc2 Rg1 50.
Bd7 Rh1+ 51. Rh2 Rg1 52. Bc6+ Kb6 53. Ra2 Rg3+ 54. Kh2 Rg4 55. Ra6+ Kc5 56.
Kh3 Rg3+ 57. Kh2 Rg4 58. Kh3 Rg3+ 59. Kh2 1/2-1/2